01612nam a2200313 a 4500001001000000003000900010005001700019006001900036007000300055008004100058040003000099082001300129100002500142240001500167245011900182264007800301300002700379336002700406337003300433338002800466505054600494590002701040700002601067700002601093700003901119942001301158952011001171999001701281000029064DO-SdBNP20240207123130.0a||||gr|||| 00| 0 ta110413b19uu dr r 000 0 spa d aDO-SdBNPbspacBNPHUerda 4222bK17r1 aKaplan954211eautor10aleyes, etc10aResumen de la legislación dominicana para la inversión extranjera /cKaplan, Russin, Vecchi & Heredia Bonetti. aSanto Domingo :bAsociación de Pequeñas y Medianas Empresas,c[199?]. a43 páginas ;c21 cm. 2rdacontentatextobtxt 2rdamediaasin mediaciónbn 2rdacarrieravolumenbnc aI. Las Zonas Francas en la República Dominicana: Beneficios para el inversionista extranjero.--tII. Ley No. 861: Ley de Inversión Extanjera de la República Dominicana.--tIII. Ley No. 69: Ley de Promoción de Exportaciones de la República Dominicana.--tIV. Ley No. 173: Ley de Protección a los Agentes Importadores de Mercancías.--tVI. Legislación Laboral en la República Dominicana.--tVII. Adquisición de Bienes Inmuebles por Extranjeros en la República Dominicana.--tVIII. La Iniciativa para la Cuenca del Caribe. aInventariado 2024 / MF1 aRussin,952565eautor1 aVecchi,952566eautor1 aHeredia Bonetti, Luis99316eautor 2ddccLF2 00102ddc51708PDaBNPHUbBNPHUcCTd2011-04-13l0p29064-10r2020-06-25w2020-06-25yLF2ZNo se presta c28556d28556